[Event "Paleochora op 5th"]
[Site "Paleochora"]
[Date "2012.07.16"]
[Round "1"]
[White "Henrichs, Thomas"]
[Black "Katritzidakis, Kiriakos"]
[Result "1-0"]
[WhiteElo "2505"]
[BlackElo "1754"]
[PlyCount "37"]
[EventDate "2012.07.16"]
[EventType "swiss"]
[EventRounds "9"]
[EventCountry "GRE"]
[SourceTitle "CBM 149 Extra"]
[Source "ChessBase"]
[SourceDate "2012.08.24"]
[SourceVersion "1"]
[SourceVersionDate "2012.08.24"]
[SourceQuality "1"]

1. d4 d5 2. c4 e6 3. Nc3 Nf6 4. cxd5 exd5 5. Bg5 Be7 6. e3 h6 7. Bh4 0-0 8. Bd3 Re8 9. Nge2 c6 10. Qc2 Ng4 11. Bg3 Bg5 12. h3 Nxe3 13. fxe3 Bxe3 14. Bf2 Bxf2+ 15. Kxf2 Qh4+ 16. Kg1 Re3 17. Rf1 Bxh3 18. Nxd5 Rg3 19. Nxg3 1-0